Score 0/20 Timer 03:00
0 Plays Today
Movie Missing Word % Correct
Chitty Chitty _____ BangBang
97.6%
The _____ and the FuriousFast
97.3%
Grand _____ AutoTheft
96.6%
Back to the _____Future
95.7%
Gone in _____ Seconds60
93.6%
_____ & LouiseThelma
93%
The _____ of HazzardDukes
92.7%
Starsky and _____Hutch
92.2%
_____ for SpeedNeed
88.1%
The _____ JobItalian
87%
Movie Missing Word % Correct
_____ and the BanditSmokey
81%
Mad Max: _____ RoadFury
78.8%
The Cannonball _____Run
74.8%
Ford v _____Ferrari
72.9%
Baby _____Driver
70.4%
The _____ BrothersBlues
70.2%
Death _____ 2000Race
60.6%
Le _____Mans
49.2%
Transformers: _____ of the FallenRevenge
49.1%
_____ ProofDeath
37.9%

Today's Daily Dose

Remove Ads.
Support Sporcle.
Get the best of Sporcle when you Go Orange. This ad-free experience offers more features, more stats, and more fun while also helping to support Sporcle. Thank you for becoming a member.

You're not logged in!

Compare scores with friends on all Sporcle quizzes.
OR
Log In

Show Comments

Extras

Top Quizzes Today


Score Distribution

Your Account Isn't Verified!

In order to create a playlist on Sporcle, you need to verify the email address you used during registration. Go to your Sporcle Settings to finish the process.

Report this User

Report this user for behavior that violates our Community Guidelines.

Details: